Quick Pick: Songs in Brown Quiz Stats

 Plays Quiz Updated Mar 2, 2018

Challenge
Share
Tweet
Embed
Score 0/6 Timer 01:00
0 Plays Today
% Correct
Van Morrison
89.5%
The Rolling Stones
86.7%
Jim Croce
82.1%
Trace Adkins
74.1%
Elton John
69.4%
Guns N' Roses
62.7%

Today's Daily Dose

Word Ladder
Bruno Mars Song

Get the Picture
Japanese Cars

You're not logged in!

Compare scores with friends on all Sporcle quizzes.
OR
Log In

You Might Also Like...

Show Comments

Extras

Top Quizzes Today


Score Distribution

Your Account Isn't Verified!

In order to create a playlist on Sporcle, you need to verify the email address you used during registration. Go to your Sporcle Settings to finish the process.

Report this User

Report this user for behavior that violates our Community Guidelines.

Details: